الرابوطيات / (رقم التسجيلة. 51594)

تفاصيل مارك
000 -LEADER
fixed length control field 00703nam a22002177a 4500
005 - DATE AND TIME OF LATEST TRANSACTION
control field 20251108170909.0
008 - FIXED-LENGTH DATA ELEMENTS--GENERAL INFORMATION
fixed length control field 250721s1989 xx 000 0 ara d
082 14 - DEWEY DECIMAL CLASSIFICATION NUMBER
Classification number ط/112.8/بوت
100 1# - MAIN ENTRY--PERSONAL NAME
Personal name بوتر، توني
Relator term مؤلف
245 10 - TITLE STATEMENT
Title الرابوطيات /
264 1# - PRODUCTION, PUBLICATION, DISTRIBUTION, MANUFACTURE, AND COPYRIGHT NOTICE
Place of production, publication, distribution, manufacture بيروت :
Name of producer, publisher, distributor, manufacturer المؤسسة العربية للدراسات والنشر،
Date of production, publication, distribution, manufacture, or copyright notice 1989.
300 ## - PHYSICAL DESCRIPTION
Extent 48ص
490 0# - SERIES STATEMENT
Series statement اوسبورن -مدخل إلى
650 17 - SUBJECT ADDED ENTRY--TOPICAL TERM
Topical term or geographic name as entry element الأنسان الآلي
650 17 - SUBJECT ADDED ENTRY--TOPICAL TERM
Topical term or geographic name as entry element الروبوت
653 ## - INDEX TERM--UNCONTROLLED
Uncontrolled term ناشئون كبار (15-18) سنة
700 1# - ADDED ENTRY--PERSONAL NAME
Personal name جلد، وايفور
700 1# - ADDED ENTRY--PERSONAL NAME
Personal name الطريفي، محمد إبراهيم
Relator term ترجمة
942 ## - ADDED ENTRY ELEMENTS (KOHA)
Source of classification or shelving scheme Dewey Decimal Classification
Koha item type كتب
المقتنيات
حالة السحب حالة الفقدان مصدر التصنيف حالة التلف غير قابل للإعارة المكتبة الرئيسية المكتبة الحالية موقع الرف تاريخ التزويد الرقم المتسلسل Total Checkouts رقم الإستدعاء تاريخ آخر ظهور تاريخ الفاتورة نوع المادة (كوها)
    Dewey Decimal Classification Unchecked   مكتبة الاميرة بديعة مكتبة الاميرة بديعة الأطفال 06/07/2004 12   ط/112.8/بوت 28/07/2025 06/07/2004 كتب
Implemented & Customized by: BBB with SCIT (Smart Chains for Information Technology)

Powered by Koha